STANDARD METHODS FOR THE EXAMINATION OF WATER AND WASTEWATER (Record no. 620696)

MARC details
000 -LEADER
fixed length control field 00421pam a2200157a 44500
008 - FIXED-LENGTH DATA ELEMENTS--GENERAL INFORMATION
fixed length control field 230515b1985 xxu||||| |||| 00| 0 eng d
020 ## - INTERNATIONAL STANDARD BOOK NUMBER
International Standard Book Number NULL
041 ## - LANGUAGE CODE
Language code of text/sound track or separate title ENGLISH
082 ## - DEWEY DECIMAL CLASSIFICATION NUMBER
Classification number /APH/AWW
100 ## - MAIN ENTRY--PERSONAL NAME
Personal name APHA / AWWA / WPCF
245 ## - TITLE STATEMENT
Title STANDARD METHODS FOR THE EXAMINATION OF WATER AND WASTEWATER
250 ## - EDITION STATEMENT
Edition statement NULL
260 ## - PUBLICATION, DISTRIBUTION, ETC.
Place of publication, distribution, etc. NULL
Name of publisher, distributor, etc. AMERICAN PUBLIC HEALTH ASSOCIATION
Date of publication, distribution, etc. 1985
300 ## - PHYSICAL DESCRIPTION
Extent 1268 HB
650 ## - SUBJECT ADDED ENTRY--TOPICAL TERM
Topical term or geographic name entry element NULL
Holdings
Withdrawn status Lost status Damaged status Not for loan Home library Current library Shelving location Date acquired Source of acquisition Cost, normal purchase price Total Checkouts Full call number Barcode Date last seen Price effective from Koha item type
        College of Engineering, Pune College of Engineering, Pune   22/09/1989 NULL 2088.00   /APH/AWW ECP-G-6883 28/06/2023 28/06/2023 Book